<?xml version="1.0" encoding="UTF-8"?>
<record
    xmlns:xsi="http://www.w3.org/2001/XMLSchema-instance"
    xsi:schemaLocation="http://www.loc.gov/MARC21/slim http://www.loc.gov/standards/marcxml/schema/MARC21slim.xsd"
    xmlns="http://www.loc.gov/MARC21/slim">

  <leader>00444nam a22001577a 4500</leader>
  <controlfield tag="003">OSt</controlfield>
  <controlfield tag="005">20150906102014.0</controlfield>
  <controlfield tag="008">150906b        xxu||||| |||| 00| 0 eng d</controlfield>
  <datafield tag="040" ind1=" " ind2=" ">
    <subfield code="c">RUA</subfield>
  </datafield>
  <datafield tag="082" ind1=" " ind2=" ">
    <subfield code="a">AGR &#x1782;&#x1784;&#x17CB;&#x200B; 1991 B004 Or.1</subfield>
  </datafield>
  <datafield tag="100" ind1=" " ind2=" ">
    <subfield code="9">82</subfield>
    <subfield code="a">&#x1782;&#x1784;&#x17CB;&#x200B; &#x1782;&#x17B8;&#x179F;&#x17B6;&#x179A;&#x17B7;&#x1793;&#x178F;&#x17BB;&#x1784;</subfield>
  </datafield>
  <datafield tag="245" ind1=" " ind2=" ">
    <subfield code="a">&#x1794;&#x1785;&#x17D2;&#x1785;&#x17C1;&#x1780;&#x1791;&#x17C1;&#x179F;&#x178A;&#x17B6;&#x17C6;&#x1780;&#x17C5;&#x179F;&#x17CA;&#x17BC;</subfield>
  </datafield>
  <datafield tag="260" ind1=" " ind2=" ">
    <subfield code="a">Phnom Penh</subfield>
    <subfield code="b">RUA</subfield>
    <subfield code="c">1991</subfield>
  </datafield>
  <datafield tag="300" ind1=" " ind2=" ">
    <subfield code="a">54p.</subfield>
    <subfield code="b">ill.</subfield>
    <subfield code="c">29cm.</subfield>
  </datafield>
  <datafield tag="942" ind1=" " ind2=" ">
    <subfield code="2">ddc</subfield>
    <subfield code="c">AGR</subfield>
  </datafield>
  <datafield tag="999" ind1=" " ind2=" ">
    <subfield code="c">77</subfield>
    <subfield code="d">77</subfield>
  </datafield>
  <datafield tag="952" ind1=" " ind2=" ">
    <subfield code="0">0</subfield>
    <subfield code="1">0</subfield>
    <subfield code="2">ddc</subfield>
    <subfield code="4">0</subfield>
    <subfield code="6">AGR_&#x1782;&#x1784;_1991_000000000000000_B004_OR_1</subfield>
    <subfield code="7">0</subfield>
    <subfield code="9">242</subfield>
    <subfield code="a">LBB</subfield>
    <subfield code="b">LBB</subfield>
    <subfield code="c">B004</subfield>
    <subfield code="d">2015-09-06</subfield>
    <subfield code="o">AGR &#x1782;&#x1784;&#x17CB;&#x200B; 1991 B004 Or.1</subfield>
    <subfield code="p">RUA005953</subfield>
    <subfield code="r">2015-09-06</subfield>
    <subfield code="w">2015-09-06</subfield>
    <subfield code="y">AGR</subfield>
  </datafield>
  <datafield tag="952" ind1=" " ind2=" ">
    <subfield code="0">0</subfield>
    <subfield code="1">0</subfield>
    <subfield code="2">ddc</subfield>
    <subfield code="4">0</subfield>
    <subfield code="6">AGR_&#x1782;&#x1784;_1991_000000000000000_B004_OR_2</subfield>
    <subfield code="7">0</subfield>
    <subfield code="9">243</subfield>
    <subfield code="a">LBB</subfield>
    <subfield code="b">LBB</subfield>
    <subfield code="c">B004</subfield>
    <subfield code="d">2015-09-06</subfield>
    <subfield code="l">1</subfield>
    <subfield code="o">AGR &#x1782;&#x1784;&#x17CB;&#x200B; 1991 B004 Or.2</subfield>
    <subfield code="p">RUA003948</subfield>
    <subfield code="r">2016-04-19</subfield>
    <subfield code="s">2016-03-10</subfield>
    <subfield code="w">2015-09-06</subfield>
    <subfield code="y">AGR</subfield>
  </datafield>
  <datafield tag="952" ind1=" " ind2=" ">
    <subfield code="0">0</subfield>
    <subfield code="1">0</subfield>
    <subfield code="2">ddc</subfield>
    <subfield code="4">0</subfield>
    <subfield code="6">AGR_&#x1782;&#x1784;_1991_000000000000000_B004_OR_3</subfield>
    <subfield code="7">0</subfield>
    <subfield code="9">244</subfield>
    <subfield code="a">LBB</subfield>
    <subfield code="b">LBB</subfield>
    <subfield code="c">B004</subfield>
    <subfield code="d">2015-09-06</subfield>
    <subfield code="o">AGR &#x1782;&#x1784;&#x17CB;&#x200B; 1991 B004 Or.3</subfield>
    <subfield code="p">RUA005761</subfield>
    <subfield code="r">2015-09-06</subfield>
    <subfield code="w">2015-09-06</subfield>
    <subfield code="y">AGR</subfield>
  </datafield>
  <datafield tag="952" ind1=" " ind2=" ">
    <subfield code="0">0</subfield>
    <subfield code="1">0</subfield>
    <subfield code="2">ddc</subfield>
    <subfield code="4">0</subfield>
    <subfield code="6">AGR_&#x1782;&#x1784;_1991_000000000000000_B004_OR_4</subfield>
    <subfield code="7">0</subfield>
    <subfield code="9">245</subfield>
    <subfield code="a">LBB</subfield>
    <subfield code="b">LBB</subfield>
    <subfield code="c">B004</subfield>
    <subfield code="d">2015-09-06</subfield>
    <subfield code="o">AGR &#x1782;&#x1784;&#x17CB;&#x200B; 1991 B004 Or.4</subfield>
    <subfield code="p">RUA005921</subfield>
    <subfield code="r">2015-09-06</subfield>
    <subfield code="w">2015-09-06</subfield>
    <subfield code="y">AGR</subfield>
  </datafield>
  <datafield tag="952" ind1=" " ind2=" ">
    <subfield code="0">0</subfield>
    <subfield code="1">0</subfield>
    <subfield code="2">ddc</subfield>
    <subfield code="4">0</subfield>
    <subfield code="6">AGR_&#x1782;&#x1784;_1991_000000000000000_B004_OR_5</subfield>
    <subfield code="7">0</subfield>
    <subfield code="9">334</subfield>
    <subfield code="a">LBB</subfield>
    <subfield code="b">LBB</subfield>
    <subfield code="d">2015-09-06</subfield>
    <subfield code="l">2</subfield>
    <subfield code="o">AGR &#x1782;&#x1784;&#x17CB;&#x200B; 1991 B004 Or.5</subfield>
    <subfield code="p">RUA004894</subfield>
    <subfield code="r">2016-06-06</subfield>
    <subfield code="s">2016-05-19</subfield>
    <subfield code="w">2015-09-06</subfield>
    <subfield code="y">AGR</subfield>
  </datafield>
</record>
